państwa z najwyższymi górami - Statystyki

Ogólne statystyki
  • Ten quiz został rozwiązany 195 razy
  • Średni wynik to 32 z 50
Statystyki odpowiedzi
nazwa góry (liczba m.n.p.m.) nazwa państwa % Poprawnych
Mount Everest (8848) Chiny
97%
Denali (6194) Stany Zjednoczone
93%
Kanczendzonga (8586) Indie
90%
Mount Everest (8848) Nepal
90%
Elbrus (5642) Rosja
90%
Logan (5959) Kanada
86%
Aconcagua (6961) Argentyna
84%
Ojos del Salado (6896) Chile
84%
Mount Blanc (4810) Francja
84%
K2 (8611) Pakistan
84%
Fudżi (3776) Japonia
81%
Orizaba (5636) Meksyk
78%
Huascarán (6768) Peru
78%
Dufourspitze (4634) Szwajcaria
78%
Mont Blanc de Courmayeur (4748) Włochy
78%
Sajama (6542) Boliwia
77%
Chan Tengri (7010) Kazachstan
75%
Kenia (5199) Kenia
75%
Demawend (5610) Iran
74%
Ararat (5137) Turcja
73%
Grossglockner (3798) Austria
72%
Simón Bolívar (5775) Kolumbia
72%
Noszak (7492) Afganistan
71%
Szczyt Ismaila Samaniego (7495) Tadżykistan
71%
Gangkhar Puensum (7570) Bhutan
69%
Pico Bolívar (4981) Wenezuela
69%
Szczyt Zwycięstwa (7439) Kirgistan
67%
Chimborazo (6267) Ekwador
66%
Cheekha Dar (3611) Irak
63%
Chujten (4374) Mongolia
63%
Szchara (5193) Gruzja
60%
Pico de Teide (3718) Hiszpania
60%
Kilimandżaro (5895) Tanzania
57%
Khazret Sultan (4643) Uzbekistan
57%
Jaya (4884) Indonezja
56%
Aragac (4090) Armenia
55%
Bazardüzü Dağı (4485) Azerbejdżan
54%
Góra Stanleya (5109) Demokratyczna Republika Konga
49%
Góra Cooka (3754) Nowa Zelandia
45%
Kamerun (4095) Kamerun
44%
Hkakabo Razi (5881) Mjanma
40%
Dżabal Tubkal (4167) Maroko
37%
Góra Stanleya (5109) Uganda
37%
Kinabalu (4095) Malezja
31%
Ras Daszan (4550) Etiopia
30%
Góra Wilhelma (4509) Papua Nowa-Gwinea
28%
Karisimbi (4507) Rwanda
22%
Tajumulco (4220) Gwatemala
19%
Dżabal an-Nabi Szuajb (3666) Jemen
19%
Cerro Chirripó (3820) Kostaryka
19%
Nie znaleziono quizów pasujących do podanych kryteriów
Rozkład punktacji
Procent ludzi z każdym wynikiem
Percentyl według liczby udzielonych odpowiedzi
Twoja historia wyników
Nie rozwiązałeś tego quizu